000 00392nam a2200133Ia 4500
008 220217s9999||||xx |||||||||||||| ||und||
020 _a978-81-203-0532-8
082 _a621.382 2 OPP
100 _aOppenheim, Alan, V Schafer, Ronald, W
245 0 _aDigital signal processing
260 _aPrentice hall of india
_bNew Delhi
_c2008
300 _b250
650 _aSIGNAL PROCESSING
_9719
999 _c180233
_d180233